[Event "FRA-chT Top 16 Haute"]
[Site "Belfort"]
[Date "2025.05.31"]
[Round "3.5"]
[White "Pelletier, Yannick"]
[Black "Gatineau, Yovann"]
[Result "1-0"]
[WhiteElo "2519"]
[BlackElo "2374"]
[PlyCount "63"]
[EventDate "2025.05.29"]
[EventType "team-tourn"]
[EventRounds "4"]
[EventCountry "FRA"]
[SourceTitle "CB23_2025"]
[SourceDate "2025.06.04"]
[SourceVersion "1"]
[SourceVersionDate "2025.06.04"]
[SourceQuality "1"]
[WhiteTeam "Asnieres"]
[BlackTeam "Mulhouse Philidor"]
[WhiteTeamCountry "FRA"]
[BlackTeamCountry "FRA"]

1. c4 e6 2. Nc3 d5 3. d4 a6 4. cxd5 exd5 5. Nf3 h6 6. Bf4 Nf6 7. e3 Bd6 8. Be5 c6 9. Bd3 0-0 10. h3 Re8 11. Rc1 Bxe5 12. Nxe5 c5 13. Bb1 b5 14. a4 Bb7 15. 0-0 c4 16. axb5 axb5 17. Nxb5 Qb6 18. Nc3 Qxb2 19. Bf5 Nc6 20. Nd7 Nxd7 21. Bxd7 Red8 22. Nxd5 Na5 23. Rb1 Qa3 24. Nb6 Ra6 25. Nxc4 Nxc4 26. Rxb7 Na5 27. Rc7 Qd6 28. Bc8 Ra8 29. Qc2 Nb3 30. Rc3 Raxc8 31. Rxc8 Qg3 32. Rxd8# 1-0

[Event "FRA-chT Top 16 Haute"]
[Site "Belfort"]
[Date "2025.05.29"]
[Round "1.6"]
[White "Bellahcene, Bilel"]
[Black "Pelletier, Yannick"]
[Result "1/2-1/2"]
[WhiteElo "2504"]
[BlackElo "2519"]
[PlyCount "60"]
[EventDate "2025.05.29"]
[EventType "team-tourn"]
[EventRounds "4"]
[EventCountry "FRA"]
[SourceTitle "CB23_2025"]
[SourceDate "2025.06.04"]
[SourceVersion "1"]
[SourceVersionDate "2025.06.04"]
[SourceQuality "1"]
[WhiteTeam "Tremblay en France"]
[BlackTeam "Asnieres"]
[WhiteTeamCountry "FRA"]
[BlackTeamCountry "FRA"]

1. e4 e6 2. d4 d5 3. e5 c5 4. c3 Nc6 5. Nf3 Bd7 6. g3 Rc8 7. a3 b5 8. Bd3 cxd4 9. cxd4 Qb6 10. Be3 b4 11. 0-0 Nge7 12. g4 Ng6 13. Nbd2 Be7 14. a4 Na5 15. Qe2 0-0 16. h4 f5 17. exf6 Bxf6 18. h5 Nh4 19. Ne5 Bxe5 20. dxe5 Qd8 21. f3 Nc4 22. Nxc4 dxc4 23. Bxc4 Nxf3+ 24. Rxf3 Rxf3 25. Qxf3 Rxc4 26. Rf1 Qe8 27. b3 Bc6 28. Qg3 Rc3 29. h6 Rc2 30. Rf2 Rxf2 1/2-1/2

[Event "FRA-chT Top 16 GpB"]
[Site "Belfort"]
[Date "2025.05.23"]
[Round "2.4"]
[White "Ernst, Luca"]
[Black "Pelletier, Yannick"]
[Result "1/2-1/2"]
[WhiteElo "2222"]
[BlackElo "2519"]
[PlyCount "119"]
[EventDate "2025.05.22"]
[EventType "team-tourn"]
[EventRounds "7"]
[EventCountry "FRA"]
[SourceTitle "CB22_2025"]
[SourceDate "2025.05.28"]
[SourceVersion "1"]
[SourceVersionDate "2025.05.28"]
[SourceQuality "1"]
[WhiteTeam "Bischwiller"]
[BlackTeam "Asnieres"]
[WhiteTeamCountry "FRA"]
[BlackTeamCountry "FRA"]

1. e4 e6 2. d4 d5 3. Nd2 c5 4. Ngf3 Nf6 5. exd5 exd5 6. Bb5+ Bd7 7. Bxd7+ Nbxd7 8. 0-0 Be7 9. Re1 0-0 10. dxc5 Bxc5 11. Nb3 Bd6 12. Bg5 h6 13. Bh4 Qb6 14. Bg3 Bxg3 15. hxg3 Rfe8 16. Qd4 Qa6 17. a3 Re4 18. Qd3 Qb6 19. Nfd2 Rg4 20. c4 a5 21. cxd5 a4 22. Nc1 Nc5 23. Qc2 Nxd5 24. Nd3 Ne6 25. Ne5 Rxg3 26. Ndc4 Qc5 27. Nd7 Qd4 28. Rad1 Rxg2+ 29. Kxg2 Qg4+ 30. Kf1 Nef4 31. Qe4 Qh3+ 32. Kg1 Qg4+ 33. Kf1 Qxd7 34. Ne5 Qb5+ 35. Qc4 Qxc4+ 36. Nxc4 Rc8 37. Ne3 Nxe3+ 38. fxe3 Ne6 39. Rc1 Nc5 40. Red1 Rc6 41. Rd5 b6 42. Rd4 Re6 43. Ke2 Kf8 44. Rd8+ Ke7 45. Ra8 Rg6 46. Rf1 Rg2+ 47. Rf2 Rxf2+ 48. Kxf2 Nd3+ 49. Ke2 Nxb2 50. Rc8 b5 51. Rc5 Nc4 52. Rxb5 Nxa3 53. Rb4 Kd6 54. Kf3 Kc5 55. Rxa4 Nc4 56. Ke4 Nd6+ 57. Ke5 Nc4+ 58. Ke4 Nd6+ 59. Ke5 Nc4+ 60. Ke4 1/2-1/2

[Event "SUI-chT"]
[Site "Switzerland"]
[Date "2025.03.16"]
[Round "1.1"]
[White "Feher, Adam"]
[Black "Pelletier, Yannick"]
[Result "1/2-1/2"]
[WhiteElo "2411"]
[BlackElo "2524"]
[PlyCount "62"]
[EventDate "2025.03.16"]
[EventType "team-tourn"]
[EventRounds "9"]
[EventCountry "SUI"]
[SourceTitle "CB14_2025"]
[SourceDate "2024.11.01"]
[SourceVersion "1"]
[SourceVersionDate "2024.11.01"]
[SourceQuality "1"]
[WhiteTeam "Nyon"]
[BlackTeam "Zuerich"]
[WhiteTeamCountry "SUI"]
[BlackTeamCountry "SUI"]

1. e4 e6 2. d4 d5 3. Nc3 Nf6 4. e5 Nfd7 5. f4 c5 6. Nf3 Nc6 7. Be3 cxd4 8. Nxd4 Bc5 9. Qd2 Bxd4 10. Bxd4 Nxd4 11. Qxd4 Qb6 12. Nb5 Qxd4 13. Nxd4 Ke7 14. 0-0-0 Nc5 15. Bd3 Bd7 16. Rhf1 g6 17. Rf3 h5 18. h4 a6 19. b3 b5 20. a3 Rhc8 21. Kb2 Rc7 22. Re3 Bc8 23. Ra1 Rb8 24. Rg1 Bb7 25. Ra1 Rbc8 26. Rg1 Rd8 27. Rge1 Rdc8 28. Ra1 Rb8 29. Rd1 Rd8 30. Rde1 Rdc8 31. Ra1 Rb8 1/2-1/2

[Event "Olympiad-45"]
[Site "Budapest"]
[Date "2024.09.22"]
[Round "11.2"]
[White "Pelletier, Yannick"]
[Black "Rodriguez Vila, Andres"]
[Result "1/2-1/2"]
[WhiteElo "2526"]
[BlackElo "2417"]
[PlyCount "54"]
[EventDate "2024.09.11"]
[EventType "team-swiss"]
[EventRounds "11"]
[EventCountry "HUN"]
[SourceTitle "EXT 2025"]
[Source "ChessBase"]
[SourceDate "2024.10.14"]
[SourceVersion "1"]
[SourceVersionDate "2024.10.14"]
[SourceQuality "1"]
[WhiteTeam "Switzerland"]
[BlackTeam "Uruguay"]
[WhiteTeamCountry "SUI"]
[BlackTeamCountry "URU"]

1. d4 f5 2. g3 Nf6 3. Bg2 d6 4. Nf3 g6 5. 0-0 Bg7 6. c4 0-0 7. Nc3 c6 8. d5 e5 9. dxe6 Bxe6 10. b3 Na6 11. Ng5 Bc8 12. Qc2 Nc5 13. Bb2 a5 14. Rad1 Qe7 15. Rfe1 Ng4 16. Nh3 f4 17. Qd2 Be5 18. gxf4 Rxf4 19. Nxf4 Qh4 20. Nh3 Bxh2+ 21. Kf1 Be6 22. e3 Rf8 23. f4 Bg3 24. Kg1 Bh2+ 25. Kh1 Bg3 26. Kg1 Bh2+ 27. Kh1 Bg3 1/2-1/2

[Event "Olympiad-45"]
[Site "Budapest"]
[Date "2024.09.16"]
[Round "6.26"]
[White "Annaberdiev, Meilis"]
[Black "Pelletier, Yannick"]
[Result "0-1"]
[WhiteElo "2431"]
[BlackElo "2526"]
[PlyCount "104"]
[EventDate "2024.09.11"]
[EventType "team-swiss"]
[EventRounds "11"]
[EventCountry "HUN"]
[SourceTitle "EXT 2025"]
[Source "ChessBase"]
[SourceDate "2024.10.14"]
[SourceVersion "1"]
[SourceVersionDate "2024.10.14"]
[SourceQuality "1"]
[WhiteTeam "Turkmenistan"]
[BlackTeam "Switzerland"]
[WhiteTeamCountry "TKM"]
[BlackTeamCountry "SUI"]

1. e4 e6 2. d4 d5 3. e5 c5 4. c3 Nc6 5. Nf3 Bd7 6. Be2 Nge7 7. 0-0 cxd4 8. cxd4 Nf5 9. Nc3 a6 10. Bg5 Be7 11. Bxe7 Qxe7 12. Qd2 Rc8 13. Rae1 0-0 14. Bd1 Qb4 15. a3 Qb6 16. Ba4 Rfd8 17. Bxc6 Bxc6 18. Rb1 Be8 19. Rfd1 Rc4 20. h4 Rdc8 21. g4 Nh6 22. Qf4 Qc7 23. Ne2 f6 24. exf6 Qxf4 25. Nxf4 Nxg4 26. fxg7 Rc2 27. Ne1 Rxf2 28. Ned3 Rf3 29. Kg2 Re3 30. Rbc1 Rc4 31. b3 Rc6 32. Rxc6 Bxc6 33. Re1 Bb5 34. Rxe3 Nxe3+ 35. Kf2 Nf5 36. Nc5 Nxd4 37. a4 Be8 38. Ncxe6 Nxe6 39. Nxe6 Bd7 40. Nc5 Bc6 41. a5 Kxg7 42. Kg3 Kf6 43. Kf4 d4 44. b4 Bd5 45. Nd3 Ke6 46. Ne5 Bg2 47. h5 Kd5 48. h6 Bh1 49. Nd7 Kc4 50. Nf6 d3 51. Ke3 Kc3 52. Nxh7 d2 0-1

[Event "Olympiad-45"]
[Site "Budapest"]
[Date "2024.09.13"]
[Round "3.15"]
[White "Pelletier, Yannick"]
[Black "Sarana, Alexey"]
[Result "1/2-1/2"]
[WhiteElo "2526"]
[BlackElo "2713"]
[PlyCount "120"]
[EventDate "2024.09.11"]
[EventType "team-swiss"]
[EventRounds "11"]
[EventCountry "HUN"]
[SourceTitle "EXT 2025"]
[Source "ChessBase"]
[SourceDate "2024.10.14"]
[SourceVersion "1"]
[SourceVersionDate "2024.10.14"]
[SourceQuality "1"]
[WhiteTeam "Switzerland"]
[BlackTeam "Serbia"]
[WhiteTeamCountry "SUI"]
[BlackTeamCountry "SRB"]

1. c4 e6 2. g3 d5 3. Bg2 Nf6 4. Nf3 Be7 5. d4 0-0 6. 0-0 c6 7. Qc2 b6 8. Rd1 Bb7 9. b3 Nbd7 10. Nc3 Ba6 11. Bf4 dxc4 12. bxc4 Qc8 13. Qb3 Rd8 14. e4 Ne8 15. e5 Rb8 16. a4 Nf8 17. Rac1 Rb7 18. Ne4 Rbd7 19. c5 bxc5 20. dxc5 Bc4 21. Qb1 Rxd1+ 22. Rxd1 Bd5 23. Nd6 Qd7 24. Rd4 a5 25. Rd2 Qa7 26. Rb2 Bxd6 27. cxd6 c5 28. Bd2 Qa8 29. Ne1 f6 30. f4 Nd7 31. Bc3 c4 32. Bxd5 Qxd5 33. Rb5 Qc6 34. Qa2 Qe4 35. Qf2 g5 36. Qf3 Qxf3 37. Nxf3 gxf4 38. gxf4 Ng7 39. exf6 Nf5 40. Be5 c3 41. Rb7 Nxd6 42. Bxd6 Nxf6 43. Ba3 Rd1+ 44. Kf2 Ra1 45. Rb8+ Kg7 46. Bf8+ Kg6 47. Nd4 Rxa4 48. Ne2 Rc4 49. Ba3 c2 50. Bc1 Nd5 51. Rf8 a4 52. Kf3 Nb4 53. Ke3 Na2 54. Kd3 Nxc1+ 55. Nxc1 Kg7 56. Rf5 Rb4 57. Rg5+ Kf6 58. Rg4 a3 59. Rh4 Ra4 60. Na2 c1Q 1/2-1/2

[Event "Olympiad-45"]
[Site "Budapest"]
[Date "2024.09.12"]
[Round "2.38"]
[White "Pelletier, Yannick"]
[Black "Sapalo, Gabriel"]
[Result "1-0"]
[WhiteElo "2526"]
[BlackElo "2058"]
[PlyCount "93"]
[EventDate "2024.09.11"]
[EventType "team-swiss"]
[EventRounds "11"]
[EventCountry "HUN"]
[SourceTitle "EXT 2025"]
[Source "ChessBase"]
[SourceDate "2024.10.14"]
[SourceVersion "1"]
[SourceVersionDate "2024.10.14"]
[SourceQuality "1"]
[WhiteTeam "Switzerland"]
[BlackTeam "Angola"]
[WhiteTeamCountry "SUI"]
[BlackTeamCountry "ANG"]

1. Nf3 Nf6 2. c4 e6 3. Nc3 d5 4. d4 c5 5. cxd5 cxd4 6. Qxd4 exd5 7. e4 dxe4 8. Qxd8+ Kxd8 9. Ng5 Be6 10. Nxe6+ fxe6 11. Bc4 Kd7 12. Bg5 Bb4 13. 0-0-0+ Ke7 14. Rhe1 Bxc3 15. bxc3 Rc8 16. Rxe4 Rc6 17. Bd5 Rb6 18. Rde1 Nbd7 19. Rxe6+ Kf8 20. Rxb6 axb6 21. Bb3 Re8 22. Rxe8+ Kxe8 23. f3 Ke7 24. Kd2 Nc5 25. Ke3 h6 26. Bxf6+ Kxf6 27. Kd4 Ke7 28. f4 h5 29. g3 h4 30. gxh4 Kf6 31. Bc2 Ne6+ 32. Ke4 Nc5+ 33. Kd5 Ne6 34. Ke4 Nc5+ 35. Kd5 Ne6 36. f5 Nf4+ 37. Kd6 b5 38. Kc5 Ne2 39. Kb4 Ke5 40. a3 Nf4 41. Kxb5 Nd5 42. Kc5 Nxc3 43. Kb6 Kd6 44. Kxb7 Kc5 45. f6 gxf6 46. h5 Nb5 47. Bg6 1-0

[Event "FRA Cup"]
[Site "Chartres"]
[Date "2024.06.30"]
[Round "2.3"]
[White "Dardha, Daniel"]
[Black "Pelletier, Yannick"]
[Result "1/2-1/2"]
[WhiteElo "2639"]
[BlackElo "2518"]
[PlyCount "83"]
[EventDate "2024.06.29"]
[EventType "team-k.o."]
[EventRounds "3"]
[EventCountry "FRA"]
[SourceTitle "CBM 221 Extra"]
[Source "ChessBase"]
[SourceDate "2024.09.30"]
[SourceVersion "1"]
[SourceVersionDate "2024.09.30"]
[SourceQuality "1"]
[WhiteTeam "Chartres"]
[BlackTeam "Asnieres"]
[WhiteTeamCountry "FRA"]
[BlackTeamCountry "FRA"]

1. d4 d5 2. c4 dxc4 3. Nf3 Nf6 4. e3 e6 5. Bxc4 c5 6. 0-0 Nc6 7. dxc5 Qxd1 8. Rxd1 Bxc5 9. Be2 Bd7 10. Nbd2 Ke7 11. a3 a5 12. b3 Rhd8 13. Bb2 Kf8 14. Rac1 Be7 15. Kf1 Be8 16. Ke1 Nd5 17. Ne4 Rac8 18. Nc5 b6 19. Na4 Nb8 20. Rxc8 Rxc8 21. e4 Bxa4 22. bxa4 Nf6 23. e5 Nd5 24. Bb5 Rc2 25. Rd2 Rxd2 26. Nxd2 Nc7 27. Bd3 Nd7 28. g3 Nc5 29. Bc2 h5 30. Ke2 Nd5 31. Nc4 Ke8 32. f4 g6 33. Ne3 Nxe3 34. Kxe3 Kd7 35. Bd1 Na6 36. Be2 Bc5+ 37. Bd4 Bxd4+ 38. Kxd4 Nc7 39. Bb5+ Ke7 40. Bc6 Kf8 41. h3 Kg7 42. Ke4 1/2-1/2

[Event "FRA Cup"]
[Site "Chartres"]
[Date "2024.06.30"]
[Round "3.3"]
[White "Pelletier, Yannick"]
[Black "Dardha, Daniel"]
[Result "1-0"]
[WhiteElo "2518"]
[BlackElo "2639"]
[PlyCount "79"]
[EventDate "2024.06.29"]
[EventType "team-k.o."]
[EventRounds "3"]
[EventCountry "FRA"]
[SourceTitle "CBM 221 Extra"]
[Source "ChessBase"]
[SourceDate "2024.09.30"]
[SourceVersion "1"]
[SourceVersionDate "2024.09.30"]
[SourceQuality "1"]
[WhiteTeam "Asnieres"]
[BlackTeam "Chartres"]
[WhiteTeamCountry "FRA"]
[BlackTeamCountry "FRA"]

1. c4 b6 2. d4 Nf6 3. Nc3 Bb7 4. Qc2 Nc6 5. Nf3 Nb4 6. Qb1 Bxf3 7. exf3 e6 8. a3 Nc6 9. Be3 g6 10. Qc2 Bg7 11. d5 Ne7 12. 0-0-0 Nf5 13. dxe6 fxe6 14. Bg5 h6 15. Bf4 Nh5 16. Be3 Qe7 17. g4 Nxe3 18. fxe3 Bxc3 19. Qxc3 Nf6 20. Bd3 Rg8 21. h4 0-0-0 22. g5 hxg5 23. hxg5 Nh5 24. Rdg1 Rdf8 25. f4 e5 26. f5 Qc5 27. Bc2 Rh8 28. b4 Qd6 29. Rd1 Qe7 30. f6 Qe6 31. Rd2 Qg4 32. Qxe5 Re8 33. Qd4 Qxg5 34. Qxd7+ Kb8 35. f7 Rd8 36. Qe6 Rxd2 37. Kxd2 Qg2+ 38. Kc3 Qxh1 39. Qe8+ Kb7 40. Be4+ 1-0

[Event "FRA-chT Top 16 GpA"]
[Site "Chartres"]
[Date "2024.06.01"]
[Round "3.15"]
[White "Delorme, Axel"]
[Black "Pelletier, Yannick"]
[Result "1/2-1/2"]
[WhiteElo "2487"]
[BlackElo "2514"]
[PlyCount "147"]
[EventDate "2024.05.30"]
[EventType "team-tourn"]
[EventRounds "7"]
[EventCountry "FRA"]
[SourceTitle "CBM 220 Extra"]
[Source "ChessBase"]
[SourceDate "2024.07.31"]
[SourceVersion "1"]
[SourceVersionDate "2024.07.31"]
[SourceQuality "1"]
[WhiteTeam "Clichy Echecs 92"]
[BlackTeam "Asnieres"]
[WhiteTeamCountry "FRA"]
[BlackTeamCountry "FRA"]

1. Nf3 Nf6 2. g3 b6 3. Bg2 Bb7 4. 0-0 c5 5. c4 e6 6. Nc3 Be7 7. d4 cxd4 8. Qxd4 d6 9. Rd1 a6 10. Ng5 Bxg2 11. Kxg2 Nc6 12. Qf4 Ra7 13. Nce4 Rd7 14. Nxf6+ Bxf6 15. Nxh7 Rxh7 16. Qe4 Rh5 17. Qxc6 Rc5 18. Qa4 Qa8+ 19. f3 Qc6 20. Qxc6 Rxc6 21. Be3 Rxc4 22. Rd2 b5 23. Rad1 d5 24. h4 g6 25. b3 Rc3 26. Bd4 Bxd4 27. Rxd4 a5 28. g4 Rc2 29. R1d2 Rdc7 30. Kg3 Ke7 31. h5 Kf6 32. hxg6 fxg6 33. R4d3 g5 34. Kf2 Ke5 35. Re3+ Kd6 36. Red3 b4 37. e3 Ke5 38. Ke2 Rc1 39. Rd1 R1c2+ 40. R1d2 Rc1 41. Rd1 Rxd1 42. Rxd1 Rh7 43. Rd2 Rh2+ 44. Kd3 Rh3 45. Ke2 Kd6 46. Rc2 e5 47. Rd2 Rh8 48. Kd3 Rh3 49. Ke2 Rh8 50. Kd3 Rf8 51. Ke2 Rc8 52. Rd3 Rc2+ 53. Rd2 Rc8 54. Rd3 Rc2+ 55. Rd2 Rc3 56. Rd3 Kc5 57. Kd2 d4 58. Ke2 Kd5 59. Kd2 Rc8 60. Kd1 Rc7 61. Kd2 Rc3 62. e4+ Kc5 63. Ke2 Kb5 64. Kd2 a4 65. Ke2 Rc8 66. Rd1 a3 67. Rd2 Rc3 68. Rd3 Rc2+ 69. Rd2 Rc3 70. Rd3 Rc2+ 71. Rd2 Rb2 72. Kd3 Rb1 73. Ke2 Rb2 74. Kd3 1/2-1/2

[Event "SUI-chT"]
[Site "Switzerland"]
[Date "2024.04.14"]
[Round "2.2"]
[White "Mattenberger, Matthias"]
[Black "Pelletier, Yannick"]
[Result "1-0"]
[WhiteElo "2239"]
[BlackElo "2523"]
[PlyCount "85"]
[EventDate "2024.03.10"]
[EventType "team-tourn"]
[EventRounds "9"]
[EventCountry "SUI"]
[SourceTitle "CBM 220 Extra"]
[Source "ChessBase"]
[SourceDate "2024.07.31"]
[SourceVersion "1"]
[SourceVersionDate "2024.07.31"]
[SourceQuality "1"]
[WhiteTeam "Bern Schwarz Weiss"]
[BlackTeam "Zuerich"]
[WhiteTeamCountry "SUI"]
[BlackTeamCountry "SUI"]

1. d4 Nf6 2. c4 e6 3. Nc3 Bb4 4. e3 0-0 5. Bd2 b6 6. Nf3 Bb7 7. Bd3 c5 8. a3 Bxc3 9. Bxc3 d6 10. dxc5 bxc5 11. Qc2 Nbd7 12. Ng5 h6 13. Ne4 Nxe4 14. Bxe4 Bxe4 15. Qxe4 Nb6 16. 0-0 a5 17. Rad1 Qc7 18. Qg4 e5 19. f4 Nxc4 20. fxe5 Nxe5 21. Bxe5 dxe5 22. Rd7 Qc6 23. Qf5 g6 24. Qd3 Rab8 25. Rf2 e4 26. Qd1 Rb6 27. h4 Qe6 28. h5 g5 29. Rfd2 Kg7 30. Qc2 Qe5 31. R7d5 Qg3 32. Qc3+ Kg8 33. Rf2 a4 34. Qxc5 Rb3 35. Rd6 Rbb8 36. Rxh6 Kg7 37. Rd6 Rbc8 38. Qd4+ Kg8 39. h6 f6 40. Rdxf6 Rc1+ 41. Rf1 Rxf6 42. Qxf6 Qxe3+ 43. Kh2 1-0

[Event "ITA-chT GpA 55th"]
[Site "Vasto"]
[Date "2024.04.11"]
[Round "5.2"]
[White "Brunello, Sabino"]
[Black "Pelletier, Yannick"]
[Result "1/2-1/2"]
[WhiteElo "2515"]
[BlackElo "2524"]
[PlyCount "37"]
[EventDate "2024.04.08"]
[EventType "team-tourn"]
[EventRounds "7"]
[EventCountry "ITA"]
[SourceTitle "CBM 219 Extra"]
[Source "ChessBase"]
[SourceDate "2024.05.31"]
[SourceVersion "1"]
[SourceVersionDate "2024.05.31"]
[SourceQuality "1"]
[WhiteTeam "Padova Obiettivo"]
[BlackTeam "Cerianese Scacchistica"]
[WhiteTeamCountry "ITA"]
[BlackTeamCountry "ITA"]

1. d4 Nf6 2. c4 e6 3. Nc3 Bb4 4. e3 0-0 5. Bd3 c5 6. Nge2 d5 7. a3 cxd4 8. axb4 dxc3 9. Nxc3 Nc6 10. b5 Nb4 11. cxd5 Nxd3+ 12. Qxd3 Nxd5 13. Nxd5 exd5 14. 0-0 Qb6 15. Bd2 Bd7 16. Ra5 a6 17. bxa6 bxa6 18. Qd4 Qxd4 19. exd4 1/2-1/2

[Event "ITA-chT GpA 55th"]
[Site "Vasto"]
[Date "2024.04.08"]
[Round "1.22"]
[White "Iermito, Sebastian"]
[Black "Pelletier, Yannick"]
[Result "1/2-1/2"]
[WhiteElo "2511"]
[BlackElo "2524"]
[PlyCount "27"]
[EventDate "2024.04.08"]
[EventType "team-tourn"]
[EventRounds "7"]
[EventCountry "ITA"]
[SourceTitle "CBM 219 Extra"]
[Source "ChessBase"]
[SourceDate "2024.05.31"]
[SourceVersion "1"]
[SourceVersionDate "2024.05.31"]
[SourceQuality "1"]
[WhiteTeam "Lazio Scacchi"]
[BlackTeam "Cerianese Scacchistica"]
[WhiteTeamCountry "ITA"]
[BlackTeamCountry "ITA"]

1. Nf3 Nf6 2. g3 b6 3. Bg2 Bb7 4. 0-0 c5 5. c4 e6 6. Nc3 Be7 7. Re1 d5 8. cxd5 Nxd5 9. d4 cxd4 10. Nxd5 Qxd5 11. Qxd4 0-0 12. Qg4 Qe4 13. Qh3 Nc6 14. Bd2 1/2-1/2

[Event "EU-chT 24th"]
[Site "Budva"]
[Date "2023.11.20"]
[Round "9.2"]
[White "Pancevski, Filip"]
[Black "Pelletier, Yannick"]
[Result "0-1"]
[WhiteElo "2441"]
[BlackElo "2505"]
[PlyCount "110"]
[EventDate "2023.11.11"]
[EventType "team-swiss"]
[EventRounds "9"]
[EventCountry "MNE"]
[SourceTitle "CBM 218 Extra"]
[Source "ChessBase"]
[SourceDate "2024.03.31"]
[SourceVersion "1"]
[SourceVersionDate "2024.03.31"]
[SourceQuality "1"]
[WhiteTeam "North Macedonia"]
[BlackTeam "Switzerland"]
[WhiteTeamCountry "MKD"]
[BlackTeamCountry "SUI"]

1. c4 Nf6 2. g3 e5 3. Bg2 c6 4. Nf3 e4 5. Nd4 d5 6. d3 Qb6 7. Nb3 Bb4+ 8. Bd2 Ng4 9. 0-0 e3 10. Bxe3 Nxe3 11. fxe3 Qxe3+ 12. Kh1 dxc4 13. dxc4 0-0 14. a3 Be7 15. Nc3 Be6 16. Na5 Qe5 17. Qa4 Qc7 18. Rac1 Bg5 19. Rcd1 Nd7 20. Ne4 Be7 21. b4 Ne5 22. Nc5 Bxc5 23. bxc5 Rae8 24. Rd4 Bc8 25. Nb3 a6 26. Nd2 Nd7 27. Ne4 Qe5 28. Rfd1 Nxc5 29. Nxc5 Qxc5 30. Bf3 a5 31. Qb3 h6 32. Kg2 Re7 33. R1d3 Rfe8 34. Qb2 Bf5 35. Rd2 Be6 36. Rc2 Bf5 37. Rcd2 Be6 38. Rc2 Qf5 39. Rg4 f6 40. Rd4 Qc5 41. Qc3 Bf7 42. Rcd2 Bh5 43. Rd8 Rxd8 44. Rxd8+ Re8 45. Qd4 Bxf3+ 46. exf3 Qxd4 47. Rxd4 Re2+ 48. Kh3 Re3 49. Rd7 b5 50. cxb5 cxb5 51. a4 bxa4 52. f4 a3 53. Ra7 a2 54. Rxa5 Re2 55. f5 h5 0-1

[Event "EU-chT 24th"]
[Site "Budva"]
[Date "2023.11.15"]
[Round "5.2"]
[White "Pelletier, Yannick"]
[Black "Krivokapic, Marko"]
[Result "1-0"]
[WhiteElo "2505"]
[BlackElo "2386"]
[PlyCount "75"]
[EventDate "2023.11.11"]
[EventType "team-swiss"]
[EventRounds "9"]
[EventCountry "MNE"]
[SourceTitle "CBM 218 Extra"]
[Source "ChessBase"]
[SourceDate "2024.03.31"]
[SourceVersion "1"]
[SourceVersionDate "2024.03.31"]
[SourceQuality "1"]
[WhiteTeam "Switzerland"]
[BlackTeam "Montenegro III"]
[WhiteTeamCountry "SUI"]
[BlackTeamCountry "MNE"]

1. d4 d5 2. c4 e6 3. Nf3 Nf6 4. Nc3 dxc4 5. e4 Bb4 6. Bxc4 Nxe4 7. 0-0 Nxc3 8. bxc3 Be7 9. Qc2 Nd7 10. Re1 a6 11. a4 c5 12. d5 exd5 13. Bg5 f6 14. Bxd5 fxg5 15. Rad1 Qb6 16. Re6 Qc7 17. Rde1 Nf6 18. Rxe7+ Qxe7 19. Rxe7+ Kxe7 20. Qe2+ Kd8 21. Qe5 Re8 22. Qd6+ Bd7 23. Bxb7 Re6 24. Qf8+ Re8 25. Qd6 Re6 26. Qf8+ Re8 27. Qxg7 Rb8 28. Qxf6+ Kc7 29. Bxa6 Rb6 30. Qxg5 Rxa6 31. Qxc5+ Kb8 32. a5 h6 33. Ne5 Ka8 34. f4 Bc8 35. Nc4 Rae6 36. Nd6 Re1+ 37. Kf2 R8e2+ 38. Kf3 1-0

[Event "SUI-chT"]
[Site "Switzerland"]
[Date "2023.10.15"]
[Round "9.2"]
[White "Kurmann, Oliver"]
[Black "Pelletier, Yannick"]
[Result "1/2-1/2"]
[WhiteElo "2448"]
[BlackElo "2515"]
[PlyCount "73"]
[EventDate "2023.04.16"]
[EventType "team-tourn"]
[EventRounds "9"]
[EventCountry "SUI"]
[SourceTitle "EXT 2025"]
[Source "ChessBase"]
[SourceDate "2024.10.14"]
[SourceVersion "1"]
[SourceVersionDate "2024.10.14"]
[SourceQuality "1"]
[WhiteTeam "Luzern"]
[BlackTeam "Zuerich"]
[WhiteTeamCountry "SUI"]
[BlackTeamCountry "SUI"]

1. e4 e6 2. d4 d5 3. Nc3 Nf6 4. e5 Nfd7 5. Nce2 c5 6. c3 cxd4 7. cxd4 f6 8. Nf4 Bb4+ 9. Bd2 Qb6 10. Bxb4 Qxb4+ 11. Qd2 Qxd2+ 12. Kxd2 Ke7 13. Nf3 fxe5 14. dxe5 g5 15. Nxg5 Nxe5 16. Re1 Nbc6 17. Bb5 Rf8 18. Bxc6 Rxf4 19. Rxe5 bxc6 20. Nh3 Rh4 21. Ng5 h6 22. Nf3 Rb4 23. b3 Bd7 24. Re2 c5 25. Rhe1 a5 26. Ne5 Ra6 27. Re3 a4 28. Rc1 axb3 29. axb3 Rd4+ 30. Ke1 Ra5 31. f4 Be8 32. g3 Kd6 33. Rc2 Bb5 34. Nf7+ Ke7 35. Ne5 Kd6 36. Nf7+ Ke7 37. Ne5 1/2-1/2

[Event "SUI-chT"]
[Site "Switzerland"]
[Date "2023.10.14"]
[Round "8.2"]
[White "Pelletier, Yannick"]
[Black "Kaczmarczyk, Dennis"]
[Result "1/2-1/2"]
[WhiteElo "2515"]
[BlackElo "2488"]
[PlyCount "83"]
[EventDate "2023.04.16"]
[EventType "team-tourn"]
[EventRounds "9"]
[EventCountry "SUI"]
[SourceTitle "EXT 2025"]
[Source "ChessBase"]
[SourceDate "2024.10.14"]
[SourceVersion "1"]
[SourceVersionDate "2024.10.14"]
[SourceQuality "1"]
[WhiteTeam "Zuerich"]
[BlackTeam "Winterthur"]
[WhiteTeamCountry "SUI"]
[BlackTeamCountry "SUI"]

1. d4 Nf6 2. c4 e6 3. Nf3 b6 4. g3 Ba6 5. Qa4 Bb7 6. Bg2 c5 7. dxc5 bxc5 8. 0-0 Be7 9. Nc3 0-0 10. Bf4 Qb6 11. Rfd1 Rd8 12. Rd2 h6 13. Rad1 d6 14. Qb5 Ne8 15. g4 Bc6 16. Qxb6 axb6 17. b3 Nd7 18. Ne1 Bxg2 19. Nxg2 Nb8 20. e3 Nc6 21. h3 Nb4 22. a4 g5 23. Bg3 Bf6 24. Nb5 d5 25. cxd5 exd5 26. Bc7 Rdc8 27. Bxb6 c4 28. Bd4 cxb3 29. Rb2 Rxa4 30. Rxb3 Nc6 31. Bxf6 Nxf6 32. Ne1 Rb8 33. Nd4 Rxb3 34. Nxb3 h5 35. gxh5 Rh4 36. Kg2 Rxh5 37. Nd3 Rh4 38. Rc1 Rc4 39. Nd2 Rxc1 40. Nxc1 d4 41. Nf3 dxe3 42. Nxg5 1/2-1/2